| 000 | 00579nam a22001577a 4500 | ||
|---|---|---|---|
| 082 | _a005 | ||
| 100 | _aMushtaq, Umar ; Arshad, Adeel ; Khan, Mohsin ; Ahmed, Emmad | ||
| 245 |
_aEntrepreneurship / _cUmar Mushtaq ; Adeel Arshad ; Mohsin Khan ; Emmad Ahmed |
||
| 260 |
_aIslamabad : _bSEECS - NUST, _c2005. |
||
| 300 |
_aVar. p. ; _c30cm. |
||
| 650 | _aInformation Technology-Project Report | ||
| 700 |
_aMr. Muhammad Yousaf _931155 |
||
| 856 | _uhttp://10.250.8.41:8080/xmlui/handle/123456789/29589 | ||
| 942 |
_2ddc _cPR |
||
| 999 |
_c536330 _d536330 |
||